01445cam a2200361 a 4500001001400000003000800014005001700022006001900039007001500058008004100073020003800114040003000152049002600182050002200208082001600230100002100246245010200267260005300369300003600422520023000458504005100688521001700739588004700756650001900803650001900822655002900841700002900870710001600899776003500915856009800950942001601048999001901064EDZ0000077674StDuBDS20161031105130.0m||||||||d||||||||cr |||||||||||120418s2010 cau fo| 001|0|eng|d a9781446251089 (ebook) :cNo price aStDuBDSbengcStDuBDSepn aAlfaisal Main Library 0aJZ1318b.T83 201004a303.4822231 aTurner, Bryan S.10aGlobalizationh[electronic resource] :bEast and West /cBryan S. Turner, Habibul Haque Khondker. aLos Angeles, [Calif.] ;aLondon :bSAGE,cc2010. a1 online resource (xii, 239 p.)8 aThis is an examination of globalization from the perspective of both the West and the East. The text considers globalization as a general social and economic process, and the challenges it presents for Western social science. aIncludes bibliographical references and index. aSpecialized. aDescription based on print version record. 0aGlobalization. 0aEast and West. 7aElectronic books.2local1 aKhondker, Habibul Haque.2 aSage eBooks08iPrint version :z978141292853340uhttp://ezproxy.alfaisal.edu/login?url=http://sk.sagepub.com/books/globalization-east-and-west 2lcccEBOOKS c479988d479988